00836nam a2200229 i 450000100060000000300090000600500170001500700030003200800410003502000180007608000230009424500960011724600530021326000580026630000450032465000420036965000410041165500400045271000380049274000540053085200220058417871ES-MaACL20230906151712.0t|010611s2001 sp a c |||| | spa d a84-89455-47-3 a75.036(493)(064.3)04aLos XX b: el nacimiento de la pintura moderna en Bélgica : 1 de febrero-1 de abril 2001.14aEl nacimiento de la pintura moderna en Bélgica aMadrid : bFundación Cultural Mapfre Vida, c[2001] a475 p. : bil. col. y n. ; c27 x 25 cm.14aPintura belga-yS.XIX-vExposiciones. 4aPintura belga-yS.XX-vExposiciones. 72tgfbneaCatálogos de exposiciones2 aFundación Cultural Mapfre Vida.32aEl nacimiento de la pintura moderna en Bélgica. aES-MaACLjL-24593